000 00501nam a2200181Ia 4500
999 _c32040
_d32040
003 OSt
005 20200810093850.0
008 190216s9999||||xx |||||||||||||| ||und||
020 _a8188222224
040 _coclc
082 _a515.63
_bAGA/V
100 _aAgarwal, Amit M
_94012
245 0 _aVector And 3D Geometry /
_cAmit M Agarwal
260 _bArihant Prakashan,
_aMeerut:
300 _a268p
650 _aMathematics
942 _cBK
_2ddc
_h515.63
_iAGA/V
_k515.63
_mAGA/V